000 00386 a2200169 4500
001 71379
020 _a852624826X
040 _cAnchieta - Colégio São Paulo
100 _aMachado, Nílson José
240 1 0 _aAnão e gigante
_lpor
245 1 0 _aAnão e gigante
300 _a[22p.]
362 0 _a2003
440 1 _aScipione
650 4 _aLiteratura infanto-juvenil
942 _cBK
999 _c71379
_d71379